000 01176cad a22002295a 4500
001 L151627
008 101123e20101120xxk 000 0 eng d
035 _a(Sirsi) u151627
041 0 _aeng
100 1 _aMorrison, Adrian
245 0 0 _aFocus
_bnorth west
_h[electronic resource]
260 _c2010
490 _aEstates Gazette
_v(1046) 20 November 2010, 85-105(17)
520 _aProfiles Max Steinberg Chief Executive of Liverpool Vision, the city's urban regeneration agency. Four local enterprise partnerships Great Manchester, Liverpool City-Region, Cheshire and Warrington and Cumbria are set to replace the Northwest Regional Development Agency. Overview of Manchester's occupiers and signs of market recovery in Preston, Blackpool, Blackburn , Crewe and Nantwich and the Lake District towns of Penrith, Kendal, Windermere, Keswick and Bowness. Growth in the hotel market particularly in the budget and boutique sector. Industrial sheds and investment sector.
590 _aKA
651 4 _aLancashire
651 4 _aMerseyside
651 4 _aCheshire
651 4 _aCumbria
690 _aPROPERTY-COMMERCIAL PROPERTY-COMMERCIAL PROPERTY MARKET
942 _n0
999 _c82829
_d82829